Historia social de la literatura y el arte 1 /
Guardado en:
| Autor Principal: | |
|---|---|
| Formato: | Libro |
| Publicado: |
España :
Guadarrama,
1968
|
| Edición: | 2a. ed. |
| Materias: | |
| Etiquetas: |
Agregar Etiqueta
Sin Etiquetas, Sea el primero en etiquetar este registro!
|
| LEADER | 00659nam a22002295a 4500 | ||
|---|---|---|---|
| 001 | CEM.cems007114 | ||
| 005 | 20060214000000.0 | ||
| 008 | 130507s1968##################000#0#####d | ||
| 003 | CEMS | ||
| 082 | 0 | 4 | |a 709 |
| 100 | 1 | |a Hauser, Arnold | |
| 245 | 1 | 0 | |a Historia social de la literatura y el arte 1 / |
| 250 | |a 2a. ed. | ||
| 260 | |a España : |b Guadarrama, |c 1968 | ||
| 300 | |a 307 p. | ||
| 653 | |a Arte | ||
| 653 | |a Arte griego | ||
| 653 | |a Arte oriental | ||
| 653 | |a Arte romano | ||
| 653 | |a Historia de la literatura | ||
| 859 | |a CEMS |b BIB. CEMS - 11 de abril |h 709 |i H295a2/I |p 3225.74 |t Ej.1 | ||
| 859 | |a CEMS |b BIB. CEMS - 11 de abril |h 709 |i H295a2/I |p 3226.74 |t Ej.2 | ||
